Detalles MARC
| 000 -LIDER |
| fixed length control field |
01087nam a2200289 a 4500 |
| 001 - NÚMERO DE CONTROL |
| Identificador de número de control |
000002635 |
| 003 - IDENTIFICACDOR DE NÚMERO DE CONTROL |
| control field |
DO-SdBNP |
| 005 - DATE AND TIME OF LATEST TRANSACTION |
| control field |
20171102121046.0 |
| 007 - CAMPOS FIJOS DE DESCRIPCIÓN FÍSICA |
| fixed length control field |
000002635 |
| 008 - ELEMENTOS DE LONGITUD FIJA |
| fixed length control field |
090703s2009 dr a 000 0 spa d |
| 020 ## - ISBN |
| International Standard Book Number |
9789945868814 |
| 040 ## - FUENTE DE CATALOGACIÓN |
| Agencia que crea de manera original el registro |
BPMET |
| Idioma de catalogación |
spa |
| Agencia que realiza la transcripción |
BPMET |
| 092 ## - LOCALLY ASSIGNED DEWEY DECIMAL CALL NUMBER |
| Número de clasificación |
xxxx |
| Número de ítem (Cutter) |
xxxx |
| 100 1# - ASIENTO PRINCIPAL -- NOMBRE PERSONAL |
| Nombre personal |
Esquea, Rosa Francia |
| 245 10 - MENCIÓN DE TITULO |
| Título |
Juegos, recuerdos y tradiciones : |
| Subtítulo |
poesías / |
| Mención de responsabilidad |
Rosa Francia Esquea ; ilustraciones Johanna Patricia Joaquín. |
| 260 ## - PUBLICACIÓN, DISTRIBUCIÓN, ETC. (PIE DE IMPRENTA) |
| Lugar de publicación, distribución, etc |
Santo Domingo : |
| Nombre del editor, distribuidor, etc. |
Sociedad Cultural Renovación, |
| Fecha de publicación, distribución, etc |
2009. |
| 300 ## - DESCRIPCIÓN FÍSICA |
| Extensión |
83 p. : |
| Otros detalles físicos |
il. |
| Dimensiones |
20 cm. |
| 490 ## - MENCIÓN DE SERIES |
| Mención de serie |
Por nuestro país primero |
| 586 ## - AWARDS NOTE |
| Awards note |
"Premio Único a Nivel Nacional, categoría adultos, género literatura infantil 'Delia Quesada,' 2008, concurso literario por Nuestro País Primero" |
| 700 12 - ASIENTO SECUNDARIO -- NOMBRE PERSONAL |
| Nombre personal |
Joaquín, Johanna Patricia |
| Mención de responsabilidad |
il. |
| 830 ## - ASIENTO SECUNDARIO DE SERIE--TÍTULO UNIFORME |
| Idioma de una obra |
Por nuestro país primero |
| 930 #1 - EQUIVALENCE OR CROSS-REFERENCE-UNIFORM TITLE HEADING [LOCAL, CANADA] |
| Language of a work |
BND01 |
| Medium of performance for music |
LF1 |
| Field link and sequence number |
20090703 |
| Date of a work |
01 |
| Name of part/section of a work |
CT |
| Miscellaneous information |
430 |
| 942 ## - ADDED ENTRY ELEMENTS (KOHA) |
| Source of classification or shelving scheme |
Dewey Decimal Classification |
| Koha item type |
Libros |
| 945 ## - INFORMACIÓN DE PROCESAMIENTO LOCAL |
| Información de procesamiento local |
Titulo remanejado para la BNPHU |
| 956 ## - LOCAL ELECTRONIC LOCATION AND ACCESS (OCLC) |
| Nombre de host |
AVARGAS |
| Número de acceso |
10 |
| Información de compresión |
20090703 |
| Inicio de sesión |
BND01 |
| Procesador de solicitud |
0906 |
| 956 ## - LOCAL ELECTRONIC LOCATION AND ACCESS (OCLC) |
| Nombre de host |
LOPEREZ |
| Número de acceso |
10 |
| Información de compresión |
20150216 |
| Inicio de sesión |
BND01 |
| Procesador de solicitud |
1358 |